The Town and Country Planning (Tree Preservation Order and Trees in Conservation Areas) (Scotland) Regulations 2010 (Record no. 111674)
[ view plain ]
| 000 -LEADER | |
|---|---|
| fixed length control field | 01198cad a22002295a 4500 |
| 001 - CONTROL NUMBER | |
| control field | E150854 |
| 008 - FIXED-LENGTH DATA ELEMENTS--GENERAL INFORMATION | |
| fixed length control field | 101215s2010 xxk f l s000 0 eng d |
| 035 ## - SYSTEM CONTROL NUMBER | |
| System control number | (Sirsi) u151854 |
| 041 0# - LANGUAGE CODE | |
| Language code of text/sound track or separate title | eng |
| 110 2# - MAIN ENTRY--CORPORATE NAME | |
| Corporate name or jurisdiction name as entry element | Scotland |
| Form subheading | Laws, etc |
| 245 04 - TITLE STATEMENT | |
| Title | The Town and Country Planning (Tree Preservation Order and Trees in Conservation Areas) (Scotland) Regulations 2010 |
| Medium | [electronic resource] |
| 260 ## - PUBLICATION, DISTRIBUTION, ETC. | |
| Place of publication, distribution, etc. | Edinburgh |
| Name of publisher, distributor, etc. | Scottish Government |
| Date of publication, distribution, etc. | 2010 |
| 490 #0 - SERIES STATEMENT | |
| Series statement | Scottish Statutory Instrument |
| Volume/sequential designation | 2010: 434 |
| 520 ## - SUMMARY, ETC. | |
| Summary, etc. | These Regulations concern the making of tree preservation orders under the Town and Country Planning (Scotland) Act 1997 S160. They replace and revoke the Town and Country Planning (Tree Preservation Order and Trees in Conservation Areas) (Scotland) Regulations 1975. Comes into force 1 February 2011. |
| 521 ## - TARGET AUDIENCE NOTE | |
| Target audience note | Advanced |
| 590 ## - LOCAL NOTE (RLIN) | |
| Local note | KA |
| 650 24 - SUBJECT ADDED ENTRY--TOPICAL TERM | |
| Topical term or geographic name entry element | TOWN AND COUNTRY PLANNING (TREE PRESERVATION ORDER AND TREES IN CONSERVATION AREAS) (SCOTLAND) REGULATIONS 2010 |
| 651 #4 - SUBJECT ADDED ENTRY--GEOGRAPHIC NAME | |
| Geographic name | Scotland |
| Chronological subdivision | 1999- |
| 690 ## - LOCAL SUBJECT ADDED ENTRY--TOPICAL TERM (OCLC, RLIN) | |
| Topical term or geographic name as entry element | Planning and development |
| 9 (RLIN) | 6259 |
| 856 40 - ELECTRONIC LOCATION AND ACCESS | |
| Uniform Resource Identifier | <a href="https://www.legislation.gov.uk/ssi/2010/434/contents/made">https://www.legislation.gov.uk/ssi/2010/434/contents/made</a> |
| Public note | View the SI free of charge at www.legislation.gov.uk |
| 942 ## - ADDED ENTRY ELEMENTS (KOHA) | |
| Suppress in OPAC | 0 |
| Withdrawn status | Lost status | Source of classification or shelving scheme | Damaged status | Not for loan | Home library | Current library | Shelving location | Date acquired | Total Checkouts | Full call number | Barcode | Date last seen | Copy number | Price effective from | Koha item type |
|---|---|---|---|---|---|---|---|---|---|---|---|---|---|---|---|
| Dewey Decimal Classification | Virtual | Virtual | Online | 15/12/2010 | ONLINE PUBLICATION | 151854-1001 | 06/08/2019 | 1 | 06/08/2019 | Book |